[Event "HUN-chT2 Asztalos 0910"]
[Site "Hungary"]
[Date "2010.02.28"]
[Round "7"]
[White "Akots, Gabor"]
[Black "Drinoczi, Peter"]
[Result "1-0"]
[WhiteElo "2245"]
[BlackElo "2080"]
[PlyCount "49"]
[EventDate "2009.11.08"]
[EventType "team-tourn"]
[EventRounds "11"]
[EventCountry "HUN"]
[SourceTitle "EXT 2011"]
[Source "ChessBase"]
[SourceDate "2010.11.26"]
[SourceVersion "1"]
[SourceVersionDate "2010.11.26"]
[SourceQuality "1"]
[WhiteTeam "Szekesfehervar"]
[BlackTeam "Pannonpower II"]
[WhiteTeamCountry "HUN"]
[BlackTeamCountry "HUN"]

1. e4 d6 2. d4 g6 3. Nc3 Bg7 4. Be3 c6 5. a4 Nf6 6. h3 0-0 7. Nf3 Nbd7 8. Qd2 Qc7 9. Bh6 e5 10. Bxg7 Kxg7 11. Bc4 Nxe4 12. Nxe4 d5 13. Bxd5 cxd5 14. Nc3 e4 15. Ng1 Qc6 16. Nge2 f5 17. g4 Nb6 18. g5 f4 19. Nxf4 Qd6 20. Nce2 Nc4 21. Qc1 e3 22. fxe3 Qe7 23. 0-0 Qxg5+ 24. Kh2 Bf5 25. e4 1-0

[Event "HUN-chT2 Asztalos 0910"]
[Site "Hungary"]
[Date "2009.11.22"]
[Round "2"]
[White "Eltigani, Omar"]
[Black "Drinoczi, Peter"]
[Result "1-0"]
[WhiteElo "2121"]
[BlackElo "2080"]
[PlyCount "71"]
[EventDate "2009.11.08"]
[EventType "team-tourn"]
[EventRounds "11"]
[EventCountry "HUN"]
[SourceTitle "EXT 2011"]
[Source "ChessBase"]
[SourceDate "2010.11.26"]
[SourceVersion "1"]
[SourceVersionDate "2010.11.26"]
[SourceQuality "1"]
[WhiteTeam "Decs II"]
[BlackTeam "Pannonpower II"]
[WhiteTeamCountry "HUN"]
[BlackTeamCountry "HUN"]

1. d4 d6 2. c4 g6 3. e4 Bg7 4. Nc3 Nf6 5. Be2 0-0 6. Nf3 e5 7. Be3 Nc6 8. d5 Ne7 9. Nd2 Ne8 10. g4 f5 11. gxf5 gxf5 12. Bg5 Nf6 13. Rg1 Kh8 14. Qc2 fxe4 15. Ncxe4 Nf5 16. Nf3 h6 17. Nxf6 Bxf6 18. Bxh6 e4 19. Qxe4 Re8 20. Qc2 Rxe2+ 21. Kxe2 Nxh6 22. Qg6 Qf8 23. Qh5 Bf5 24. Kd2 Re8 25. Nh4 Bxh4 26. Qxh4 Re4 27. Qg5 Rxc4 28. Rae1 Rc2+ 29. Kd1 Rc5 30. Re8 Rxd5+ 31. Kc1 Rc5+ 32. Kd2 Rd5+ 33. Kc3 Rd3+ 34. Kb4 Rd4+ 35. Ka3 Ra4+ 36. Kb3 1-0